Car Models by Picture #25 - Statistics

General Stats
  • This quiz has been taken 71 times
  • The average score is 5 of 12
Answer Stats
Picture Hint Answer % Correct
Mercedes-Benz S-Class
70%
Aston Martin DBX
57%
Alfa Romeo 8C Competizione
52%
Audi e-tron GT
51%
McLaren MP4-12C
44%
Honda Integra
41%
Ford S-Max
39%
Volkswagen Fox
38%
AMC Gremlin
34%
Kia Rio
33%
Isuzu D-Max
21%
Mosler MT900
11%
No matching quizzes found
Score Distribution
Percent of People with Each Score
Percentile by Number Answered
Your Score History
You have not taken this quiz